Business Week

Guardado en:
Detalles Bibliográficos
Formato: Seriadas
Lenguaje:inglés
Publicado: New York McGraw-Hill Publ. Co. 1979
Etiquetas: Agregar Etiqueta
Sin Etiquetas, Sea el primero en etiquetar este registro!

MARC

LEADER 00000nas2a2200000 4500
001 s125056
005 20250730114227.6
041 0 |a eng 
044 |a US 
245 1 0 |a Business Week 
264 1 |a New York  |b McGraw-Hill Publ. Co.  |c 1979 
300 |a 2 zv. 
773 0 |w eu_un_cat*s120097